Văn hóa ứng xử và nghệ thuật giao tiếp nơi công sở trong các cơ quan hành chính Nhà nước, doanh nghiệp, trường học, bệnh viện, khi tham gia giao thông

Salvato in:
Dettagli Bibliografici
Autore principale: Thùy, Linh (Biên soạn, hệ thống hóa)
Altri autori: Việt, Trinh (Biên soạn, hệ thống hóa)
Natura: Libro
Lingua:Vietnamese
Pubblicazione: Hà Nội Lao động 2013
Soggetti:
Tags: Aggiungi Tag
Nessun Tag, puoi essere il primo ad aggiungerne! !
Thư viện lưu trữ: Trung tâm Học liệu Lê Vũ Hùng, Trường Đại học Đồng Tháp
LEADER 01145pam a22002898a 4500
001 00030747
005 20171026081025.0
008 130701s2013 ||||||viesd
020 |c 325000 
041 0 # |a vie 
082 1 4 |a 302.3  |b V115H 
100 1 # |a Thùy, Linh  |e Biên soạn, hệ thống hóa 
245 0 0 |a Văn hóa ứng xử và nghệ thuật giao tiếp nơi công sở trong các cơ quan hành chính Nhà nước, doanh nghiệp, trường học, bệnh viện, khi tham gia giao thông  |c Thùy Linh, Việt Trinh (biên soạn, hệ thống hóa) 
260 # # |a Hà Nội  |b Lao động  |c 2013 
300 # # |a 427 tr.  |c 28 cm. 
653 # # |a Giao tiếp công sở 
653 # # |a Văn hóa ứng xử 
653 # # |a Nghệ thuật 
700 1 # |a Việt, Trinh  |e Biên soạn, hệ thống hóa 
852 # # |b Kho mượn  |j KM.0016339 
852 # # |b Kho đọc  |j KD.0014676 
852 # # |j KD.0014676  |j KM.0016339 
910 |d 7/2013 
980 # # |a Trung tâm Học liệu Lê Vũ Hùng, Trường Đại học Đồng Tháp